| 000 | 00535nam a22001817a 4500 | ||
|---|---|---|---|
| 999 |
_c524948 _d524948 |
||
| 003 | NUST | ||
| 005 | 20190627102133.0 | ||
| 008 | 190627b ||||| |||| 00| 0 eng d | ||
| 038 | _aMr. Zahoor | ||
| 082 | _a621.39 | ||
| 100 |
_aWaqas Masud Khan _915748 |
||
| 245 |
_aFrequency Hopping in Staggered Multi-Hopped Multi -Subnet Environment / _cWaqas Masuad Khan |
||
| 260 |
_aIslambad : _bCEME -NUST _c2012 |
||
| 300 |
_a60 p. ; _c30cm |
||
| 500 | _aHardcover. | ||
| 600 |
_aComputer Engineering-MS-Thesis _915646 |
||
| 942 |
_2ddc _cTHE |
||